000 00632nam a2200265Ia 4500
005 20260121124415.0
008 008 260114s9999 xx 000 0 eng d
020 _a9780520932074
037 _aEBOOK
040 _aCRL
040 _beng
040 _cCRL
041 _2eng
041 _aeng
084 _qCRL
100 _aBales, Kevin
_9975476
245 0 _aUnderstanding Global Slavery
260 _bUniversity of California Press
260 _bWalter de Gruyter
260 _c2005
856 _uhttp://www.degruyter.com/isbn/9780520932074
942 _cEBOOK
999 _c1554359
_d1554359